000
00233 a2200085 4500
020
_a
9781943532520
100
_a
Peter Cookson Smith
245
_a
An Enterprising Path to Barrio Chino: A Story of Barcelona
260
_b
ORO Editions
_c
2020
999
_c
13463
_d
13463